[Event "Schwarzach A"]
[Site "?"]
[Date "1997.08.23"]
[Round "1.1"]
[White "Peschel, Andreas"]
[Black "Balinov, Ilija"]
[Result "0-1"]
[WhiteElo "2105"]
[BlackElo "2560"]
[PlyCount "94"]
[EventDate "1996.??.??"]

1. Nf3 c5 2. b3 d6 3. d4 cxd4 4. Nxd4 b6 5. e3 Bb7 6. Bb5+ Nd7 7. O-O Ngf6 8.
Bb2 Qc7 9. Be2 a6 10. c4 e5 11. Nf3 d5 12. cxd5 Nxd5 13. Bc4 N5f6 14. Ng5 h6 {
} 15. Nxf7 Rh7 16. Nc3 Qc6 17. e4 g6 18. Bd5 Nxd5 19. exd5 Qf6 20. Nxe5 Nxe5
21. Re1 O-O-O 22. Qe2 Re7 23. Ne4 Qf4 24. Nd6+ Rxd6 25. Bxe5 Rxe5 26. Qxe5 Qxe5
27. Rxe5 Kd7 28. Rae1 Rxd5 29. Re6 Bb4 30. Rxb6 Bxe1 31. Rxb7+ Ke6 32. Kf1 Bc3
33. a4 a5 34. Ke2 Bb4 35. Rh7 h5 36. h3 Rd2+ 37. Ke3 Rb2 38. g4 Rxb3+ 39. Ke4
Rxh3 40. gxh5 Rh4+ 41. f4 Rxh5 42. Ra7 Bd6 43. Ra6 Rf5 44. Ke3 Kd7 45. Ra7+ Kc6
46. Rg7 Bxf4+ 47. Ke4 Rf6 0-1

[Event "Schwarzach A"]
[Site "?"]
[Date "1997.08.23"]
[Round "1.2"]
[White "Burmakin, Vladimir"]
[Black "Joppien, Arne"]
[Result "1-0"]
[WhiteElo "2550"]
[BlackElo "2100"]
[PlyCount "73"]
[EventDate "1996.??.??"]

1. d4 Nf6 2. c4 c5 3. d5 e6 4. Nc3 exd5 5. cxd5 d6 6. e4 g6 7. Bb5+ Nbd7 8. a4
Bg7 9. Nf3 O-O 10. O-O a6 11. Be2 b6 12. Bf4 Qe7 13. Nd2 Ne8 14. Bg3 Rb8 15.
Qc2 Nc7 16. Rfe1 b5 17. axb5 Nxb5 18. Bxb5 axb5 19. Ra5 b4 20. Nb5 Ne5 21. f4
Ng4 22. Nc4 h5 23. Re2 h4 24. Be1 Rd8 25. h3 Nh6 26. Bf2 Qf6 27. Qd2 {} 27...
Rxb5 28. Rxb5 Ba6 29. e5 Qf5 30. Nxd6 Qh5 31. Re1 Bxb5 32. Nxb5 Rb8 33. Nd6 c4
34. Nxc4 Nf5 35. d6 Bf8 36. Nb6 Ng3 37. Nd7 1-0

[Event "Schwarzach A"]
[Site "?"]
[Date "1997.08.23"]
[Round "1.3"]
[White "Kjeld, Matthias"]
[Black "Beim, Valery"]
[Result "0-1"]
[WhiteElo "2100"]
[BlackElo "2535"]
[PlyCount "70"]
[EventDate "1996.??.??"]

1. d4 d6 2. e4 Nf6 3. Nc3 g6 4. Bg5 Bg7 5. Qd2 c6 6. Nf3 O-O 7. Be2 b5 8. a3 a6
9. Bh6 Bb7 10. Bxg7 Kxg7 11. Qe3 Qc7 12. e5 dxe5 13. dxe5 Ng4 14. Qd4 Nh6 15.
e6+ f6 16. Ne4 a5 17. Rd1 Na6 18. Qd7 Bc8 19. Qxc7 Nxc7 20. Nd4 Bxe6 {} 21.
Nxc6 Bd5 22. Nxe7 Bxe4 23. Rd7 Rf7 24. Rxc7 Re8 25. Bxb5 Rexe7 26. Rxe7 Rxe7
27. Kd2 Bxg2 28. Rg1 Bb7 29. Rg3 Nf7 30. c4 Nd6 31. Re3 Kf7 32. Kd3 Rxe3+ 33.
fxe3 Nxb5 34. cxb5 Ke6 35. Kc4 Kd6 0-1

[Event "Schwarzach A"]
[Site "?"]
[Date "1997.08.23"]
[Round "1.4"]
[White "Shaked, Tal"]
[Black "Lada, Ireneusz"]
[Result "1-0"]
[WhiteElo "2500"]
[BlackElo "2100"]
[PlyCount "79"]
[EventDate "1996.??.??"]

1. e4 d6 2. d4 e5 3. Nf3 Nd7 4. Bc4 c6 5. O-O Be7 6. dxe5 dxe5 7. Ng5 Bxg5 8.
Qh5 g6 9. Qxg5 Qxg5 10. Bxg5 Nc5 11. Nd2 Ne6 12. Be3 Nf6 13. f3 b6 14. Rfd1 Ke7
15. Bf1 Nh5 16. a4 Nd4 17. Rac1 Be6 18. Nc4 Bxc4 19. Bxc4 Rhd8 20. c3 Ne6 21.
a5 c5 22. Rxd8 Rxd8 23. axb6 axb6 24. Ra1 Kf6 25. g3 Nhg7 26. Kf2 Ne8 27. Ra6
Rd6 28. f4 N8c7 29. Ra7 b5 30. Be2 c4 31. Kf3 Rc6 32. h4 h5 33. Bf1 Ra6 {} 34.
fxe5+ Kg7 35. Rb7 Ra2 36. Bb6 Ne8 37. Bh3 Nf8 38. Bd4 Kg8 39. e6 Nxe6 40. Rb8
1-0

[Event "Schwarzach A"]
[Site "?"]
[Date "1997.08.23"]
[Round "1.5"]
[White "Ebner, Johann"]
[Black "Klovans, Janis"]
[Result "0-1"]
[WhiteElo "2095"]
[BlackElo "2465"]
[PlyCount "58"]
[EventDate "1996.??.??"]

1. d4 Nf6 2. c4 e6 3. Nc3 d5 4. cxd5 exd5 5. Bg5 Be7 6. e3 Nbd7 7. Bd3 O-O 8.
Qc2 Re8 9. Nge2 Nf8 10. h3 c6 11. O-O-O b5 12. g4 a5 13. Ng3 a4 14. Kb1 Bd7 15.
Nf5 Bxf5 16. gxf5 N8d7 17. Rhg1 Kh8 18. Rg2 Qa5 19. Rdg1 b4 20. Ne2 c5 21. dxc5
Nxc5 22. Nd4 {} 22... b3 23. Qe2 bxa2+ 24. Kxa2 a3 25. Nc6 Qa4 26. Bb5 Qb3+
27. Kb1 Nfe4 28. Rc1 axb2 29. Qxb2 Nd2# 0-1

[Event "Schwarzach A"]
[Site "?"]
[Date "1997.08.23"]
[Round "1.6"]
[White "Zoler, Dan"]
[Black "Hazdra, Thomas"]
[Result "1-0"]
[WhiteElo "2465"]
[BlackElo "2086"]
[PlyCount "81"]
[EventDate "1996.??.??"]

1. d4 g6 2. Nf3 Bg7 3. g3 b5 4. Bg2 Bb7 5. O-O Nf6 6. Qd3 a6 7. Nbd2 O-O 8. a4
Nc6 9. c3 d6 10. e4 e5 11. d5 Ne7 12. b3 Qd7 13. Ba3 Rfb8 14. Rfd1 Nh5 15. c4
b4 16. Bb2 a5 17. c5 {} 17... Bxd5 18. Nxe5 dxe5 19. Nc4 f5 20. exd5 e4 21.
Qc2 Bxb2 22. c6 Qd8 23. Qxb2 Nc8 24. f3 Nf6 25. fxe4 fxe4 26. Rf1 Nxd5 27. Rad1
Qg5 28. h4 Qxg3 29. Rxd5 Ne7 30. Rg5 Qc3 31. Qxc3 bxc3 32. Nxa5 Rb4 33. Re5 Nf5
34. Re1 c2 35. Bxe4 Rxa5 36. Bxc2 Rxe5 37. Rxe5 Rxh4 38. Bxf5 gxf5 39. Re7 Rb4
40. Rxc7 Rxb3 41. Rb7 1-0

[Event "Schwarzach A"]
[Site "?"]
[Date "1997.08.23"]
[Round "1.7"]
[White "Burger, Andreas"]
[Black "Hresc, Vladimir"]
[Result "0-1"]
[WhiteElo "2075"]
[BlackElo "2425"]
[PlyCount "114"]
[EventDate "1996.??.??"]

1. e4 e5 2. Nf3 d6 3. Bc4 f5 4. d3 Qf6 5. Nc3 c6 6. Bg5 Qg6 7. h4 h5 8. Qd2 Nf6
9. O-O-O b5 10. Bb3 a5 11. a4 b4 12. Na2 fxe4 13. dxe4 Nxe4 14. Qe3 Nd7 15.
Rhe1 Nef6 16. Kb1 Ng4 17. Qd4 Be7 18. Qc4 d5 19. Qe2 Ba6 20. Qd2 Bxg5 21. Nxg5
O-O-O 22. f3 Ngf6 23. Nxb4 axb4 24. Qxb4 Rhe8 25. Qa5 Nb8 26. Re3 Nfd7 27. Rc3
d4 {} 28. Bf7 Qd6 29. Bxe8 Rxe8 30. Rb3 c5 31. Ne4 Qc7 32. Qd2 Nc6 33. Qg5 Bc4
34. Qxh5 Rf8 35. Ra3 Bd5 36. Qg6 Bxe4 37. fxe4 Nf6 38. Rf3 Rh8 39. Rh1 Rh6 40.
Qf5+ Qd7 41. Kc1 Qxf5 42. exf5 Kd7 43. Rg3 Rh7 44. Rb3 Nb4 45. a5 Kc6 46. Ra3
Rh8 47. Rg3 Rh7 48. Rg6 Kb5 49. h5 Nbd5 50. h6 gxh6 51. Rhxh6 Rxh6 52. Rxh6
Kxa5 53. Rg6 e4 54. g4 e3 55. g5 Ne4 56. Kd1 Nf4 57. Rg8 c4 0-1

[Event "Schwarzach A"]
[Site "?"]
[Date "1997.08.23"]
[Round "1.8"]
[White "Podlesnik, Bogdan"]
[Black "Wimmer, Alfred"]
[Result "1-0"]
[WhiteElo "2425"]
[BlackElo "2070"]
[PlyCount "21"]
[EventDate "1996.??.??"]

1. e4 d5 2. exd5 Qxd5 3. Nc3 Qa5 4. Bc4 Nf6 5. Nge2 Bf5 6. O-O Nc6 7. d3 e6 8.
Bb5 Qb6 {} 9. Be3 Bc5 10. d4 Bd6 11. d5 1-0

[Event "Schwarzach A"]
[Site "?"]
[Date "1997.08.23"]
[Round "1.9"]
[White "Heil, Walter"]
[Black "Hecht, Hans Joachim"]
[Result "0-1"]
[WhiteElo "2060"]
[BlackElo "2405"]
[PlyCount "74"]
[EventDate "1996.??.??"]

1. e4 e6 2. d3 d5 3. Nd2 Nf6 4. g3 Nc6 5. Bg2 dxe4 6. dxe4 e5 7. Ngf3 Bc5 8.
O-O O-O 9. h3 Re8 10. Qe2 a5 11. Rd1 Qe7 12. Nf1 Be6 13. Bg5 h6 14. Bxf6 Qxf6
15. c3 Rad8 16. b3 Qe7 17. Ne3 Bxe3 18. Qxe3 Qa3 19. Qe2 a4 20. bxa4 Qxa4 21.
Rdb1 b6 22. Bf1 Rd6 23. Qe3 Bc4 24. Nd2 Bxf1 25. Rxf1 Red8 26. Nb3 Rd3 27. Qe1
Qc4 28. Rc1 Na7 29. Rc2 Nb5 30. Nd2 Qc5 31. Nb3 Qc4 {} 32. Nd2 Qe6 33. Kh2
Rxc3 34. Qc1 Qc6 35. Rxc3 Qxc3 36. Qxc3 Nxc3 37. Nc4 f6 0-1

[Event "Schwarzach A"]
[Site "?"]
[Date "1997.??.23"]
[Round "1.10"]
[White "Vigh, Bela"]
[Black "Bened, Andreas"]
[Result "1-0"]
[WhiteElo "2395"]
[BlackElo "2042"]
[PlyCount "49"]
[EventDate "1996.??.??"]

1. d4 c5 2. d5 d6 3. c4 h6 4. Nc3 g5 5. e4 Bg7 6. Bd3 Nd7 7. h4 Qa5 8. Qc2 g4
9. Nge2 h5 10. Ng3 Be5 11. Bd2 Nf8 12. Nce2 Qb6 13. Rb1 Ng6 14. f4 Bf6 15. Bc3
Bxc3+ 16. bxc3 Qc7 17. e5 dxe5 18. Bxg6 exf4 19. O-O Rh6 20. Bxf7+ Kxf7 21.
Nxf4 Nf6 {} 22. Nf5 Bxf5 23. Qxf5 b6 24. Qg5 Rh7 25. Qg6+ 1-0

[Event "Schwarzach A"]
[Site "?"]
[Date "1997.08.23"]
[Round "1.11"]
[White "Blecourt, Sandra"]
[Black "Jusic, Zdenko"]
[Result "0-1"]
[WhiteElo "2030"]
[BlackElo "2370"]
[PlyCount "130"]
[EventDate "1996.??.??"]

1. d4 Nf6 2. c4 d6 3. Nc3 Nbd7 4. e4 e5 5. Be3 Be7 6. Bd3 Nf8 7. d5 c5 8. h3
Ng6 9. g3 O-O 10. Qc2 a6 11. O-O-O Bd7 12. f4 exf4 13. gxf4 Nh5 14. Nge2 f5 15.
exf5 Nh4 16. f6 Nxf6 17. Ng3 b5 18. Rdf1 Qa5 19. b3 bxc4 20. Bxc4 Nf5 21. Nxf5
Bxf5 22. Bd3 Bxd3 23. Qxd3 c4 24. bxc4 Rac8 25. Rh2 Nd7 26. Ne4 Ne5 27. fxe5
Rxf1+ 28. Qxf1 Qa3+ 29. Kd1 Qxe3 30. exd6 Qxe4 31. dxe7 Rb8 32. Kd2 Qxe7 33.
Qf4 Qb4+ 34. Kd3 Rf8 35. Qe3 Qb1+ 36. Kd4 Qf1 37. Qe6+ Kh8 38. Re2 Qd1+ 39. Kc3
h6 40. Kb4 Qd4 41. Qe5 a5+ 42. Kb5 Qa7 {} 43. Rb2 Qb8+ 44. Qxb8 Rxb8+ 45. Kc6
Rxb2 46. d6 Rxa2 47. c5 Rd2 48. Kd7 a4 49. c6 a3 50. c7 Rc2 51. Kc8 a2 52. d7
Rxc7+ 53. Kxc7 a1=Q 54. d8=Q+ Kh7 55. Qd3+ g6 56. Kd7 Qe5 57. Kc6 h5 58. Qd7+
Kh6 59. Qd3 Qf4 60. Kc5 Kg5 61. Qd8+ Qf6 62. h4+ Kf5 63. Qd7+ Qe6 64. Qd2 Qe5+
65. Kc4 Qf4+ 0-1

[Event "Schwarzach A"]
[Site "?"]
[Date "1997.08.23"]
[Round "1.12"]
[White "Piven, Igor"]
[Black "Brunnsteiner, Mario"]
[Result "1-0"]
[WhiteElo "2367"]
[BlackElo "2030"]
[PlyCount "129"]
[EventDate "1996.??.??"]

1. d4 Nf6 2. c4 e6 3. Nf3 b6 4. g3 Bb7 5. Bg2 Be7 6. O-O O-O 7. d5 exd5 8. Nh4
c6 9. cxd5 Nxd5 10. Nf5 Nc7 11. e4 d5 12. Re1 Bf6 13. e5 Be7 14. Qg4 g6 15. Bh6
Re8 16. Nc3 Bc8 17. Nxe7+ Qxe7 18. Qa4 Bd7 19. Rad1 Nba6 20. Qc2 Nc5 21. b4
N5e6 22. a3 a5 23. Qb3 axb4 24. axb4 b5 25. f4 Ra6 26. Rf1 Ng7 27. Bg5 Qe6 28.
Qb2 Rea8 29. Qd2 Bc8 30. Rf2 Qe8 31. h3 Qf8 32. Rb1 Ra1 33. Qb2 Rxb1+ 34. Qxb1
Bf5 35. Qb2 h5 36. Kh2 Qc8 37. Nd1 Ra4 38. Nc3 Ra8 39. Nd1 Ra4 40. Nc3 Ra8 41.
Be7 Qd7 42. Bf6 Nge8 43. Bh4 Ng7 44. Rd2 Qc8 45. Be7 Qe6 46. Bd6 Nge8 47. Bc5
Qc8 48. Ne2 Ne6 49. Qc3 Qa6 50. Bf2 N8g7 51. Bf3 Nd8 52. g4 hxg4 53. hxg4 Be6
54. Nd4 Qa1 55. Qxa1 Rxa1 56. Bh4 Ra8 {} 57. Bxd8 Rxd8 58. Nxc6 Rd7 59. Nd4
Rb7 60. Rc2 Kf8 61. Rc5 Ra7 62. Rxb5 Ra1 63. Nc6 Ke8 64. Rb7 Rb1 65. b5 1-0

[Event "Schwarzach A"]
[Site "?"]
[Date "1997.08.23"]
[Round "1.13"]
[White "Hirmann, Peter"]
[Black "Brumen, Dinko"]
[Result "0-1"]
[WhiteElo "2030"]
[BlackElo "2365"]
[PlyCount "140"]
[EventDate "1996.??.??"]

1. d4 d5 2. Nf3 Nf6 3. Bf4 c5 4. c3 Nc6 5. e3 Qb6 6. Qb3 c4 7. Qxb6 axb6 8.
Nbd2 b5 9. a3 Bf5 10. Rc1 h6 11. h3 Nd7 12. Be2 e6 13. Ne5 Ncxe5 14. Bxe5 Nb6
15. Bd1 Na4 16. Bxa4 bxa4 17. Kd1 Ra6 18. Ra1 Kd7 19. Nf3 f6 20. Bh2 Rb6 21.
Kc1 Be7 22. Ne1 h5 23. Nc2 h4 24. Nb4 Rh6 25. Kd2 Rg6 26. Rhg1 Rb5 27. Rae1 Rh6
28. Rh1 Ra5 29. f3 Bh7 30. Ke2 Ra8 31. Kf2 Bg6 32. Bf4 Rhh8 33. Reg1 Rhc8 34.
Ra1 Bh7 35. Bh2 g5 36. Rhg1 Rg8 37. Rae1 Raf8 38. Rd1 f5 39. Be5 g4 40. Rde1
Bg6 41. f4 Bh5 42. Nc2 Rg6 {} 43. Rh1 Rfg8 44. Reg1 Kc6 45. Na1 Ra8 46. Nc2
Kd7 47. Ra1 Rag8 48. Rag1 gxh3 49. Rxh3 Bd1 50. Nb4 Bg4 51. Rhh1 Rh6 52. Rh2
Bh5 53. Rh3 Rg4 54. Rgh1 Rhg6 55. Rg1 Rg8 56. Nc2 Kc6 57. Ne1 Ra8 58. Nc2 Kb5
59. Ra1 Rag8 60. Rg1 R4g6 61. Bc7 Bd1 62. Na1 Kc6 63. Be5 b5 64. Rh2 Bb3 65.
Rh3 b4 66. cxb4 Kb5 67. Rh2 Rg3 68. Rc1 h3 69. gxh3 Bh4 70. Rch1 Rg2+ 0-1

[Event "Schwarzach A"]
[Site "?"]
[Date "1997.08.23"]
[Round "1.15"]
[White "Degeneve, Wolfgang"]
[Black "Neckar, Lubomir"]
[Result "1/2-1/2"]
[WhiteElo "2018"]
[BlackElo "2360"]
[PlyCount "63"]
[EventDate "1996.??.??"]

1. e4 Nf6 2. e5 Nd5 3. c4 Nb6 4. d4 d6 5. Nf3 g6 6. Be2 Bg7 7. O-O O-O 8. Nc3
Nc6 9. Bf4 Bg4 10. Re1 Bxf3 11. Bxf3 Nxc4 12. Bxc6 bxc6 13. b3 Nb6 14. Qf3 Qd7
15. Rac1 Rad8 16. Ne4 Nd5 17. Bg3 h6 18. Nc3 e6 19. h3 f5 20. exf6 Rxf6 21. Qg4
Kh7 22. Re2 Ne7 23. f3 Nf5 24. Bf2 Rf7 25. Rd1 Re8 26. Ne4 d5 27. Nc5 Qd6 28.
f4 Nxd4 29. Rxd4 Qxc5 30. Rde4 Qc1+ 31. Re1 Qc2 32. Rxe6 1/2-1/2

[Event "Schwarzach A"]
[Site "?"]
[Date "1997.08.23"]
[Round "1.16"]
[White "Hardicsay, Peter"]
[Black "Taschner, Peter"]
[Result "1-0"]
[WhiteElo "2355"]
[BlackElo "2005"]
[PlyCount "80"]
[EventDate "1996.??.??"]

1. e4 g6 2. d4 Bg7 3. Nc3 c6 4. Nf3 d6 5. Be3 Qa5 6. h3 Nf6 7. Bd3 e5 8. O-O
Nbd7 9. Qd2 O-O 10. a3 Re8 11. Rad1 Nf8 12. d5 Bd7 13. Rfe1 c5 14. b4 cxb4 15.
axb4 Qc7 16. Rb1 Rec8 17. Rb3 a6 18. b5 axb5 19. Nxb5 Bxb5 20. Rxb5 Ra4 21. c4
N8d7 22. Reb1 Rb8 23. Qc2 Ra5 {} 24. Bb6 Nxb6 25. Rxa5 Nbd7 26. Ra7 Nc5 27.
Nd2 Nh5 28. Rb5 Nf4 29. Bf1 Qe7 30. Ra3 Bh6 31. g3 Nh5 32. Bg2 Bxd2 33. Qxd2
Kg7 34. Ra7 Nf6 35. Qe3 Nfd7 36. Ra1 h5 37. h4 Kh7 38. Bh3 Rg8 39. Kh2 Rg7 40.
Ra8 f6 1-0

[Event "Schwarzach A"]
[Site "?"]
[Date "1997.08.23"]
[Round "1.17"]
[White "Holzbauer, Johannes"]
[Black "Staller, Peter"]
[Result "1/2-1/2"]
[WhiteElo "1990"]
[BlackElo "2345"]
[PlyCount "45"]
[EventDate "1996.??.??"]

1. Nf3 Nf6 2. g3 g6 3. b4 Bg7 4. Bb2 d5 5. Bg2 O-O 6. O-O Nbd7 7. d3 Re8 8.
Nbd2 e5 9. c4 Qe7 10. cxd5 Nxd5 11. a3 N5b6 12. Qb3 Nf8 13. Ne4 c6 14. Rac1 Be6
15. Qc2 Nfd7 16. Nfd2 f5 17. Nc5 Nxc5 18. Qxc5 Qxc5 19. bxc5 Na4 20. Rc2 Rad8
21. Ba1 Bd5 22. Rb1 Rd7 23. Rb4 1/2-1/2

[Event "Schwarzach A"]
[Site "?"]
[Date "1997.08.23"]
[Round "1.18"]
[White "Hertel, Peter"]
[Black "Ljubic, Pero"]
[Result "1-0"]
[WhiteElo "2300"]
[BlackElo "1988"]
[PlyCount "59"]
[EventDate "1996.??.??"]

1. e4 c5 2. Nf3 d6 3. d4 cxd4 4. Nxd4 Nf6 5. Nc3 g6 6. g3 Bg7 7. Bg2 O-O 8. O-O
Bd7 9. h3 Nc6 10. Nde2 Rb8 11. a4 Qc8 12. Kh2 Nb4 13. Be3 b6 14. Qd2 a5 15.
Rfc1 Ne8 16. Nd4 f5 17. Nd5 Nxd5 18. exd5 Nf6 19. Qd3 Qb7 20. c4 Nh5 21. f4 g5
22. Bf3 gxf4 23. gxf4 Bxd4 24. Bxd4 {} 24... Nxf4 25. Qe3 Ng6 26. Qh6 Rf7 27.
Rg1 Rf6 28. Bxf6 exf6 29. Rxg6+ hxg6 30. Qxg6+ 1-0

[Event "Schwarzach A"]
[Site "?"]
[Date "1997.08.23"]
[Round "1.19"]
[White "Stoeckl, Norbert"]
[Black "Mandekic, Ivan"]
[Result "1-0"]
[WhiteElo "1988"]
[BlackElo "2270"]
[PlyCount "137"]
[EventDate "1996.??.??"]

1. e4 c5 2. Nf3 e6 3. d4 cxd4 4. Nxd4 Nf6 5. Nc3 d6 6. Be2 a6 7. a4 Be7 8. O-O
Qc7 9. Be3 b6 10. Bd3 Bb7 11. f4 Nbd7 12. Qf3 Nc5 13. Rae1 O-O 14. Bf2 d5 15.
exd5 Nxd3 16. Qxd3 Nxd5 17. Bg3 Nxc3 18. f5 Bd6 19. Bxd6 Qxd6 20. Qxc3 Rac8 21.
Qe3 Rcd8 22. fxe6 fxe6 23. Rxf8+ Rxf8 24. Qxe6+ Qxe6 25. Rxe6 Rf6 26. Rxf6 gxf6
27. Kf2 Kf7 28. g3 Ke7 29. Ke3 Kd6 30. Ne2 Ke5 31. c3 Bc6 32. b3 Bd7 33. Nf4 a5
34. Nd3+ Kd5 35. c4+ Kc6 36. Kd4 Bf5 37. Nf4 Bc2 38. Kc3 Bd1 39. Nd5 {} 39...
Bg4 40. Nxf6 h5 41. Ne4 Bf3 42. Kd4 Bd1 43. Kc3 Bf3 44. Nf6 Kd6 45. Kd4 Bd1 46.
Nd5 Bxb3 47. Nxb6 Kc6 48. c5 Bd1 49. Nc4 Bxa4 50. Nxa5+ Kc7 51. Nc4 Bd7 52. Ne3
Kc6 53. Nd5 Bg4 54. Nf6 Bf3 55. h3 Kc7 56. Ke5 Kc6 57. Kf4 Bd1 58. Kg5 Kxc5 59.
Nxh5 Kd6 60. Nf6 Ke7 61. Kg6 Kf8 62. Nd7+ Kg8 63. Ne5 Bc2+ 64. Kf6 Bd1 65. g4
Kh7 66. g5 Kg8 67. g6 Bb3 68. h4 Bc2 69. h5 1-0

[Event "Schwarzach A"]
[Site "?"]
[Date "1997.08.23"]
[Round "1.20"]
[White "Severgin, Valentin"]
[Black "Berger, Hermann"]
[Result "1-0"]
[WhiteElo "2260"]
[BlackElo "1980"]
[PlyCount "70"]
[EventDate "1996.??.??"]

1. e4 c5 2. Nc3 Nc6 3. g3 g6 4. Bg2 Bg7 5. d3 d6 6. Be3 e6 7. Qd2 Nd4 8. Nd1 e5
9. c3 Nc6 10. f4 exf4 11. gxf4 f5 12. Ne2 Nf6 13. Nf2 O-O 14. O-O Qe7 15. Ng3
Be6 16. Rfe1 d5 17. exf5 Bxf5 18. Nxf5 gxf5 19. Bd4 Qd6 20. Be5 Qd7 21. d4 c4
22. Bh3 Ne7 23. Qe2 Ng6 24. Kh1 Rae8 25. Rg1 Nxf4 26. Qf3 Nxh3 27. Nxh3 Rf7 28.
Ng5 Rff8 29. Nh3 Rf7 30. Nf4 Rd8 {} 31. Rxg7+ Kxg7 32. Nh5+ Kg6 33. Bxf6 Rxf6
34. Rg1+ Kf7 35. Rg7+ Ke6 1-0

[Event "Schwarzach A"]
[Site "?"]
[Date "1997.08.24"]
[Round "2.1"]
[White "Balinov, Ilija"]
[Black "Doric, Nenad"]
[Result "1-0"]
[WhiteElo "2560"]
[BlackElo "2250"]
[PlyCount "81"]
[EventDate "1996.??.??"]

1. e4 d6 2. d4 Nf6 3. Bd3 c5 4. dxc5 dxc5 5. e5 c4 6. Be2 Qxd1+ 7. Bxd1 Nd5 8.
Na3 Nb6 9. Be3 e6 10. Nb5 Nd5 11. Bf3 a6 12. Bxd5 axb5 13. Be4 Nd7 14. f4 Bc5
15. Ke2 Bxe3 16. Kxe3 Nc5 17. Ne2 Ke7 18. a3 Bd7 19. Nc3 Bc6 20. Rhd1 Rhd8 21.
h4 h6 22. h5 Rac8 23. g3 Rc7 24. Rxd8 Kxd8 25. Bxc6 bxc6 26. Kd4 Nb7 27. Ne4
Rd7+ 28. Ke3 Rd5 29. Nc3 Rd7 30. Rd1 Rxd1 31. Nxd1 Kc7 32. g4 Nc5 {} 33. g5
Kd7 34. Nc3 Ke7 35. Kd4 Na6 36. Ne4 Nc7 37. gxh6 gxh6 38. Nf6 Nd5 39. Nxd5+
exd5 40. f5 f6 41. b3 1-0

[Event "Schwarzach A"]
[Site "?"]
[Date "1997.08.24"]
[Round "2.2"]
[White "Groetz, Harald"]
[Black "Burmakin, Vladimir"]
[Result "1/2-1/2"]
[WhiteElo "2248"]
[BlackElo "2550"]
[PlyCount "63"]
[EventDate "1996.??.??"]

1. e4 c6 2. d4 d5 3. Nd2 dxe4 4. Nxe4 Bf5 5. Ng3 Bg6 6. h4 h6 7. Nf3 Nd7 8. h5
Bh7 9. Bd3 Bxd3 10. Qxd3 e6 11. Bd2 Qc7 12. O-O-O Ngf6 13. c4 Bd6 14. Ne4 Nxe4
15. Qxe4 Nf6 16. Qe2 Bf4 17. Ne5 Bxd2+ 18. Rxd2 O-O 19. Rh3 Rad8 20. Rg3 c5 21.
Ng4 Nxg4 22. Qxg4 f5 23. Qg6 cxd4 24. Qxe6+ Kh8 25. b3 b5 26. Kb2 Rf6 27. Qe2
bxc4 28. Qxc4 Rc6 29. Qe2 Rc5 {} 30. Rxd4 Rxd4 31. Qe8+ Kh7 32. Qg6+ 1/2-1/2

[Event "Schwarzach A"]
[Site "?"]
[Date "1997.08.24"]
[Round "2.3"]
[White "Beim, Valery"]
[Black "Kniest, Oliver"]
[Result "1-0"]
[WhiteElo "2535"]
[BlackElo "2240"]
[PlyCount "61"]
[EventDate "1996.??.??"]

1. c4 e6 2. Nc3 d5 3. d4 c6 4. Nf3 dxc4 5. e3 b5 6. a4 Bb4 7. Bd2 a5 8. axb5
Bxc3 9. Bxc3 cxb5 10. b3 Bb7 11. bxc4 b4 12. Bb2 Nf6 13. Bd3 Nbd7 14. O-O O-O
15. Re1 Re8 16. c5 Bc6 17. Bc2 Qc7 18. e4 Qb7 19. e5 Nd5 20. Nd2 f5 21. exf6
N5xf6 22. Nc4 Bxg2 23. Nd6 Qd5 24. Re3 Bh1 25. Rg3 Re7 26. Bb3 Qc6 {} 27. Nf5
Rf7 28. Nh6+ Kf8 29. Nxf7 Kxf7 30. f3 Nh5 31. d5 1-0

[Event "Schwarzach A"]
[Site "?"]
[Date "1997.08.24"]
[Round "2.4"]
[White "Mojzis, Jaroslav"]
[Black "Shaked, Tal"]
[Result "1/2-1/2"]
[WhiteElo "2215"]
[BlackElo "2500"]
[PlyCount "82"]
[EventDate "1996.??.??"]

1. Nf3 Nf6 2. g3 g6 3. Bg2 Bg7 4. c4 O-O 5. O-O d6 6. d4 Nbd7 7. Nc3 e5 8. e4
c6 9. h3 Qa5 10. Re1 exd4 11. Nxd4 Ne5 12. Bf1 Re8 13. Rb1 c5 14. Nb3 Qd8 15.
Bf4 Qe7 16. Nd2 Be6 17. Rc1 a6 18. b3 Red8 19. Nf3 b5 20. Nd5 Bxd5 21. exd5
Nfd7 22. Nxe5 Nxe5 23. Kg2 Qb7 24. Bd2 b4 25. Rc2 Re8 26. Bc1 Nd7 27. Rce2 Nf6
28. Rxe8+ Rxe8 29. Rxe8+ Nxe8 30. Qe1 Qd7 31. Bd3 Bc3 32. Qe2 Ng7 33. Bg5 Kf8
34. h4 Ne8 35. h5 Bf6 36. Bf4 Ng7 37. hxg6 hxg6 38. Qf3 Kg8 39. Qe2 Kf8 40. g4
Qd8 41. Qf3 {} 41... Ne8 1/2-1/2

[Event "Schwarzach A"]
[Site "?"]
[Date "1997.08.24"]
[Round "2.5"]
[White "Klovans, Janis"]
[Black "Martin, Andreas"]
[Result "1-0"]
[WhiteElo "2465"]
[BlackElo "2215"]
[PlyCount "85"]
[EventDate "1996.??.??"]

1. e4 e6 2. d4 d5 3. Nc3 Bb4 4. e5 c5 5. a3 Bxc3+ 6. bxc3 Ne7 7. Nf3 Qa5 8. Bd2
Nbc6 9. h4 Bd7 10. h5 h6 11. Be2 O-O-O 12. O-O f6 13. exf6 gxf6 14. Re1 Rdg8
15. Bf1 Qa4 16. Rb1 cxd4 17. cxd4 Nxd4 18. Rb4 Nxf3+ 19. Qxf3 Qc6 {} 20. Qxf6
Kd8 21. Bxh6 Bc8 22. Bg5 Rh7 23. h6 Qxc2 24. Rg4 Bd7 25. Rxe6 Bxe6 26. Qxe6
Rxg5 27. Rxg5 Qc6 28. Rg8+ Kc7 29. Qe5+ Qd6 30. Qc3+ Kd7 31. Bb5+ Ke6 32. Rg7
Rxg7 33. Qxg7 Qe5 34. Qxe5+ Kxe5 35. h7 Ng6 36. Kf1 Kf6 37. Bd3 Nh8 38. Ke2 Kg7
39. Ke3 Nf7 40. f4 Nd8 41. Kd4 Ne6+ 42. Ke5 Nc5 43. Bc2 1-0

[Event "Schwarzach A"]
[Site "?"]
[Date "1997.08.24"]
[Round "2.6"]
[White "Hlavnicka, Jiri"]
[Black "Zoler, Dan"]
[Result "0-1"]
[WhiteElo "2210"]
[BlackElo "2465"]
[PlyCount "76"]
[EventDate "1996.??.??"]

1. Nf3 Nf6 2. c4 e6 3. d4 d5 4. Nc3 c6 5. Bg5 h6 6. Bxf6 Qxf6 7. e3 Nd7 8. Bd3
dxc4 9. Bxc4 g6 10. Nd2 Bg7 11. f4 O-O 12. O-O c5 13. Nde4 Qe7 14. dxc5 Nxc5
15. Qd6 Qxd6 16. Nxd6 a6 17. Rac1 Rd8 18. Rfd1 b5 19. Be2 Bf8 20. Nxc8 Raxc8
21. Rxd8 Rxd8 22. Rd1 Rc8 23. Bf3 b4 24. Ne4 Na4 25. b3 Nc3 26. Nxc3 Rxc3 27.
Bb7 a5 28. e4 Bc5+ 29. Kh1 {} 29... Rc2 30. h4 Rxa2 31. Bc6 Rf2 32. f5 gxf5
33. exf5 Rxf5 34. Rd8+ Kg7 35. Rd3 Rf4 36. g3 Rf2 37. Rf3 Rd2 38. g4 Rd4 0-1

[Event "Schwarzach A"]
[Site "?"]
[Date "1997.08.24"]
[Round "2.7"]
[White "Hresc, Vladimir"]
[Black "Ljubic, Juro"]
[Result "1/2-1/2"]
[WhiteElo "2425"]
[BlackElo "2175"]
[PlyCount "118"]
[EventDate "1996.??.??"]

1. d4 Nf6 2. Nf3 e6 3. c4 b6 4. g3 Ba6 5. b3 c6 6. Bg2 Be7 7. Qc2 d5 8. Nbd2
Bb7 9. Bb2 Nbd7 10. O-O O-O 11. Rfd1 Rc8 12. Rac1 c5 13. Qb1 dxc4 14. Nxc4 b5
15. Nce5 Be4 16. Qa1 Nxe5 17. Nxe5 Bxg2 18. Kxg2 Qb6 19. Kg1 cxd4 20. Bxd4 Qb7
21. f3 Rfd8 22. e4 Ba3 23. Rc3 Ne8 24. Kg2 f6 25. Ng4 Rxc3 26. Bxc3 Rxd1 27.
Qxd1 Bc5 28. Qd3 Qb6 29. Bd2 Qc6 30. h4 h5 31. Ne3 a6 32. Nc2 Qd6 33. Qe2 Nc7
34. Ba5 Bb6 35. Bb4 Bc5 36. Bc3 b4 37. Be1 Nb5 38. Qc4 Na3 39. Nxa3 bxa3 40.
Kf1 Qb6 41. Ke2 a5 42. Qc3 Bb4 43. Qc8+ Kh7 44. Bf2 Qd6 45. Qc2 Qe5 46. f4 Qb2
47. Kd3 e5 48. Qxb2 axb2 49. Kc2 exf4 50. gxf4 Bd2 51. f5 Bc3 52. a4 g5 53.
fxg6+ Kxg6 54. Bc5 f5 55. exf5+ Kxf5 56. Be7 Ke6 57. Bd8 Kd5 58. Bg5 Kc6 59.
Be7 {} 59... Kd5 1/2-1/2

[Event "Schwarzach A"]
[Site "?"]
[Date "1997.08.24"]
[Round "2.8"]
[White "Navratil, Robert"]
[Black "Podlesnik, Bogdan"]
[Result "0-1"]
[WhiteElo "2180"]
[BlackElo "2425"]
[PlyCount "52"]
[EventDate "1996.??.??"]

1. d4 Nf6 2. Nf3 e6 3. Bg5 c5 4. e3 Qb6 5. Nbd2 Qxb2 6. Bd3 d5 7. Bxf6 gxf6 8.
c4 Qa3 9. Qb1 dxc4 10. Bxc4 cxd4 11. exd4 Bg7 12. Qe4 O-O 13. O-O Qd6 14. Rad1
Nc6 15. Nb3 Ne7 16. Bd3 f5 17. Qh4 b6 18. Rfe1 Ng6 19. Qh5 Nf4 20. Qh4 Bb7 21.
Re3 Rad8 22. Bf1 Nd5 23. Red3 Qf4 24. Qh5 Nb4 25. Rc3 {} 25... Nxa2 26. Re3
Qh6 0-1

[Event "Schwarzach A"]
[Site "?"]
[Date "1997.08.24"]
[Round "2.9"]
[White "Hecht, Hans Joachim"]
[Black "Koller, Hubert"]
[Result "1/2-1/2"]
[WhiteElo "2405"]
[BlackElo "2160"]
[PlyCount "58"]
[EventDate "1996.??.??"]

1. d4 d5 2. c4 e6 3. Nc3 Nf6 4. cxd5 exd5 5. Bg5 c6 6. e3 Nbd7 7. Bd3 Be7 8.
Qc2 O-O 9. Nge2 Re8 10. O-O Nf8 11. Rab1 a5 12. a3 Ne4 13. Bf4 f5 14. f3 Nxc3
15. bxc3 Bxa3 16. Bxf5 Bxf5 17. Qxf5 b5 18. Qd3 Bd6 19. Bxd6 Qxd6 20. e4 Ra7
21. Ng3 dxe4 22. fxe4 g6 23. Rf3 a4 24. e5 Qd5 25. Ne4 Nd7 26. Rbf1 a3 27. Ng5
Nf8 28. Ne4 Nd7 29. Ng5 {} 29... Nf8 1/2-1/2